| 000 | 00386pab a2200157 454500 | ||
|---|---|---|---|
| 008 | 180718b1995 xxu||||| |||| 00| 0 eng d | ||
| 100 | _aSalunkhe, Sarjerao | ||
| 245 |
_aDynamics of trade unionism _bgrassroot level realities. |
||
| 260 | _c1995 | ||
| 300 | _ap.43-45 | ||
| 362 | _aAug | ||
| 650 | _aLeadership | ||
| 650 | _aTrade unions | ||
| 773 | _aThird Concept | ||
| 909 | _a29168 | ||
| 999 |
_c29168 _d29168 |
||